Anglo-Assamese Relations : (Record no. 4947)

MARC details
000 -LEADER
fixed length control field 00528cam a2200205ua 4500
001 - CONTROL NUMBER
control field 5794
005 - DATE AND TIME OF LATEST TRANSACTION
control field 20260515113934.0
008 - FIXED-LENGTH DATA ELEMENTS--GENERAL INFORMATION
fixed length control field 131025n ii |||gr||||Z||||||eng
020 ## - INTERNATIONAL STANDARD BOOK NUMBER
International Standard Book Number 81-7331-000-9
040 ## - CATALOGING SOURCE
Transcribing agency MAIN
082 ## - DEWEY DECIMAL CLASSIFICATION NUMBER
Classification number 954.162
245 ## - TITLE STATEMENT
Title Anglo-Assamese Relations :
Remainder of title 1771-1826 /
Statement of responsibility, etc. by S.K.Bhuyan .
250 ## - EDITION STATEMENT
Edition statement 3rd Lawyr`s Ed.
260 ## - PUBLICATION, DISTRIBUTION, ETC.
Place of publication, distribution, etc. Guwahati:
Name of publisher, distributor, etc. LBS Publications,
Date of publication, distribution, etc. 1990.
300 ## - PHYSICAL DESCRIPTION
Extent 636p.
653 ## - INDEX TERM--UNCONTROLLED
Uncontrolled term History
653 ## - INDEX TERM--UNCONTROLLED
Uncontrolled term Anglo-Assamese Relations
700 ## - ADDED ENTRY--PERSONAL NAME
Personal name Bhuyan,S.K,
Relator term Author.
942 ## - ADDED ENTRY ELEMENTS (KOHA)
Koha item type Books
Holdings
Withdrawn status Lost status Damaged status Not for loan Home library Current library Shelving location Date acquired Total checkouts Full call number Barcode Date last seen Copy number Price effective from Koha item type
        Naharkatiya College Library Naharkatiya College Library General stacks 09/19/2020   954.162 | BHU 22215 09/19/2020 1 09/19/2020 Books